000 00675nam a2200253Ia 4500
003 OSt
005 20221006143940.0
006 a|||||r|||| 00| 0
007 ta
008 221006b |||||||| |||| 00| 0 eng d
020 _c38.00
024 _a10,464
037 _cTextual
040 _aEASL
_cEASL
_beng
041 _2eng
_aeng
082 _aW:19(zP), K7
100 _aROBERTS Adam Ed.
245 0 _aStrategy of civilian defence
_b Non-violent resistance to aggression
260 _aLondon
_bFaber and Faber
_c1967
300 _a320p.
_ccm.
490 _v Oth
942 _hW:19(zP), K7
_cTEXL
_2CC
999 _c1078550
_d1078550